Welcome to CU Library Online Public Access Catalogue (OPAC)

Tax saving : (Record no. 2857)

MARC details
000 -LEADER
fixed length control field 00739nam a2200229 a 4500
001 - CONTROL NUMBER
control field 427776
005 - DATE AND TIME OF LATEST TRANSACTION
control field 20250122205013.0
008 - FIXED-LENGTH DATA ELEMENTS--GENERAL INFORMATION
fixed length control field 820514s1982 paua 001 0 eng
020 ## - INTERNATIONAL STANDARD BOOK NUMBER
International Standard Book Number 0801972272 :
Terms of availability $12.95
020 ## - INTERNATIONAL STANDARD BOOK NUMBER
International Standard Book Number 0801972280 (pbk.)
050 00 - LIBRARY OF CONGRESS CALL NUMBER
Classification number KF6297
Item number .B63 1982
082 00 - DEWEY DECIMAL CLASSIFICATION NUMBER
Classification number 343.7305/23
-- 347.303523
Edition information 19
100 1# - MAIN ENTRY--PERSONAL NAME
Personal name Block, Julian.
245 10 - TITLE STATEMENT
Title Tax saving :
Remainder of title a year-round guide /
Statement of responsibility, etc. Julian Block.
250 ## - EDITION STATEMENT
Edition statement Rev. and enl. ed.
260 ## - PUBLICATION, DISTRIBUTION, ETC.
Place of publication, distribution, etc. Radnor, Pa. :
Name of publisher, distributor, etc. Chilton Book Co. ;
Place of publication, distribution, etc. New York, N.Y. :
Name of publisher, distributor, etc. Research Institute of America,
Date of publication, distribution, etc. c1982.
300 ## - PHYSICAL DESCRIPTION
Extent 272 p. :
Other physical details ill. ;
Dimensions 24 cm.
500 ## - GENERAL NOTE
General note Includes index.
650 #0 - SUBJECT ADDED ENTRY--TOPICAL TERM
Topical term or geographic name entry element Tax planning
Geographic subdivision United States.
710 2# - ADDED ENTRY--CORPORATE NAME
Corporate name or jurisdiction name as entry element Research Institute of America, inc.
942 ## - ADDED ENTRY ELEMENTS (KOHA)
Source of classification or shelving scheme Library of Congress Classification
Koha item type Books
Suppress in OPAC No
999 ## -
-- 2857
-- 2857
Holdings
Withdrawn status Lost status Source of classification or shelving scheme Damaged status Not for loan Collection Home library Current library Shelving location Date acquired Total checkouts Full call number Barcode Date last seen Copy number Price effective from Koha item type
    Library of Congress Classification     Non-fiction Law Library (Christ Temple) Law Library (Christ Temple) General stacks 01/22/2025   KF6297.B63 BLO LLCT00000273 01/22/2025 1 01/22/2025 Books
© 2023-2024 Copyright: Central University Libraries. All Rights Reserved | Created by: Mahone Tech Office